Pod Tatrou sa blýska : strany, vlády a koalice na Slovensku v letech 2006 až 2016 /

Hlavní autor: Just, Petr, 1978-
Jazyk: Čeština
Vydáno: Praha : Libri, 2018
Vydání: První vydání
Témata:
Fyzický popis: 163 stran ; 21 cm
Language note: Český text, anglické resumé
Knihy
Uloženo v:
LEADER 02627nam a2200673 i 4500
001 nkc20182996360
003 CZ PrNK
005 20180716154129.0
007 ta
008 180510s2018 xr f 001 0 cze
015 |a cnb002996360 
020 |a 978-80-7277-568-2  |q (Libri ;  |q brožováno) 
020 |a 978-80-87956-78-6  |q (Metropolitní univerzita ;  |q brožováno) 
035 |a (OCoLC)1043863462 
040 |a BOA001  |b cze  |e rda 
041 0 |a cze  |b eng 
043 |a e-xo--- 
045 |a y0y1 
072 7 |a 323  |x Vnitropolitický vývoj, politický život  |2 Konspekt  |9 15 
080 |a 323  |2 MRF 
080 |a 329:321  |2 MRF 
080 |a 324:342.53  |2 MRF 
080 |a 328.122  |2 MRF 
080 |a 328/329  |2 MRF 
080 |a (437.6)  |2 MRF 
080 |a (048.8)  |2 MRF 
100 1 |a Just, Petr,  |d 1978-  |7 mzk2006324201  |4 aut 
245 1 0 |a Pod Tatrou sa blýska :  |b strany, vlády a koalice na Slovensku v letech 2006 až 2016 /  |c Petr Just 
250 |a První vydání 
264 1 |a Praha :  |b Libri,  |c 2018 
300 |a 163 stran ;  |c 21 cm 
336 |a text  |b txt  |2 rdacontent 
337 |a bez média  |b n  |2 rdamedia 
338 |a svazek  |b nc  |2 rdacarrier 
500 |a Vydáno ve spolupráci s Metropolitan University Prague Press 
504 |a Obsahuje bibliografii, bibliografické odkazy a rejstřík 
546 |a Český text, anglické resumé 
648 4 |a 2006-2016 
648 7 |a 2001-2020  |7 ch460601  |2 czenas 
650 0 7 |a vnitřní politika  |7 ph135356  |z Slovensko  |y 2001-2020  |2 czenas 
650 0 7 |a stranické systémy  |7 ph309609  |z Slovensko  |y 2001-2020  |2 czenas 
650 0 7 |a parlamentní volby  |7 ph115681  |z Slovensko  |y 2001-2020  |2 czenas 
650 0 7 |a politické koalice  |7 ph202188  |z Slovensko  |y 2001-2020  |2 czenas 
650 0 9 |a internal policy  |z Slovakia  |y 2001-2020  |2 eczenas 
650 0 9 |a party systems  |z Slovakia  |y 2001-2020  |2 eczenas 
650 0 9 |a parliamentary elections  |z Slovakia  |y 2001-2020  |2 eczenas 
650 0 9 |a political coalitions  |z Slovakia  |y 2001-2020  |2 eczenas 
651 7 |a Slovensko  |7 ge128580  |x politika a vláda  |y 2001-2020  |2 czenas 
651 9 |a Slovakia  |x politics and government  |y 2001-2020  |2 eczenas 
655 7 |a monografie  |7 fd132842  |2 czenas 
655 9 |a monographs  |2 eczenas 
910 2 |a BOA001  |b 2-1409.308 
928 9 |a Metropolitan University Prague Press 
928 9 |a Metropolitní univerzita Praha 
990 |a BK 
995 |a 01 
991 |b 201805  |c NOV 
996 6 |b 2610744391  |c 2-1409.308  |l MZK  |r Sklad / do 1 hodiny  |n 0  |p p.v.  |w 001665498  |u 000010  |a 1  |e BOA001  |j MZK50  |s P 
996 7 |b 2610745946  |c 2-1409.308  |l MZK  |r Sklad / do 1 hodiny  |n 0  |p kup  |w 001665498  |u 000020  |a 1  |e BOA001  |j MZK50  |s A